Lagerlogistik Regal Arten Quiz - Statistiken

Allgemein
  • Dieses Quiz wurde 100 mal gespielt
  • Das Durchschnittsergebnis liegt bei 5 aus 13
Antwortstatistiken
Bildquiz Antwort % Korrekt
Hochregal
79%
Palettenregal
70%
Kragarmregal
58%
Fachbodenregal
47%
Verschieberegal
44%
Durchlaufregal
42%
Turmregal
42%
Einschubregal
33%
Einfahrregal
21%
Durchfahrregal
19%
kassettenregal
12%
Behälterregal
9%
Weitspannregal
7%
Keine übereinstimmenden Quizze gefunden
Verteilung der Resultate
Anzahl Personen mit jedem Resultat
Perzentil nach korrekt beantworteten Fragen
Ihre Resultats-Entwicklung
Sie haben dieses Quiz noch nicht gespielt